000 00950nam a2200313 i 4500
003 EG-GICUC
005 20260208125130.0
008 260208s1975 fr ||||fr|||| 000 0 fre d
020 _a2227001011
040 _aEG-GiCUC
_bfre
_cEG-GiCUC
_dEG-GiCUC
_eRda
041 0 _afre
082 0 4 _221
_a341.81
_bSA . S
092 0 4 _221
099 _aLaw1 12 341.81 SA . S 1975
100 1 _aSabatier, Alain
_eAuteur
245 1 1 _aLes sociétés multinationales /
_cAlain Sabatier.
264 1 _aParis :
_ble Centurion,
_c1975.
300 _a169 page,
_c 21 cm.
336 _2rda contenu
_a texte
337 _2rda medias
_aOrdinateur
338 _2 transporteur rda
_a Ressource en ligne
504 _aBibliographie : pages 169-170
546 _aTexte en français
650 1 4 _aDroit international privé
_2
651 1 _2
856 4 0 _uhttps://fll.law.cu.edu.eg/fulltext/bks/B12-02287.pdf
905 _a48
942 _2ddc
_cBK
_e21
_n0
999 _c61572
_d61572